Missing Word: Fargo Cast Quiz Stats

Quiz Updated May 27, 2016

Challenge
Share
Tweet
Embed
Score 0/20 Timer 04:00
0 Plays Today
Hint Answer % Correct
Steve BuscemiFiction
99.6%
William H. MacyPark
98.5%
Peter StormareHansel
96%
Peter StormareBrothers
94.6%
Steve BuscemiPronounce
93.1%
William H. MacyNights
92.3%
Frances McDormandRaising
90.4%
Steve BuscemiLebowski
85.1%
Peter StormareBad
73.8%
Steve BuscemiBarton
70.9%
Hint Answer % Correct
Peter StormareLost
68.1%
Frances McDormandFlux
62.4%
William H. MacyLawyer
62.2%
Frances McDormandDark
59.7%
Frances McDormandKingdom
59.1%
Steve BuscemiIncredible
39.9%
Peter StormareParnassus
37.4%
Frances McDormandEurope's
36.6%
William H. MacyHogs
31.9%
William H. MacyMaiden
4.8%

Today's Daily Dose

You're not logged in!

Compare scores with friends on all Sporcle quizzes.
Join for Free
OR
Log In

You Might Also Like...

Show Comments

Extras

Top Quizzes Today


Score Distribution

Your Account Isn't Verified!

In order to create a playlist on Sporcle, you need to verify the email address you used during registration. Go to your Sporcle Settings to finish the process.

Report this User

Report this user for behavior that violates our Community Guidelines.

Details: